59 Babynamen der Woche 44/25' - Statistiken

Allgemein
  • Dieses Quiz wurde 12 mal gespielt
  • Das Durchschnittsergebnis liegt bei 25 aus 59
Antwortstatistiken
📍 Vorname % Korrekt
J.n.s.h ♂️ Janosch
100%
Ad.m ♂️ Adam
91%
Em.n..l ♂️ Emanuel
91%
Em.l.a ♀️ Emilia
91%
J.h..n ♂️ Johann
91%
J.s.f ♂️ Josef
91%
K.t..r..a ♀️ Katharina
91%
L.k.s ♂️ Lukas
91%
M.x.m.l..n ♂️ Maximilian
91%
M.a ♀️ Mia
91%
Ol.f ♂️ Olaf
91%
M.r..m ♀️ Miriam
82%
P.t.i.k ♂️ Patrick
82%
S.b..t..n ♂️ Sebastian
82%
J.s.f..a ♀️ Josefina
73%
E.e.a ♀️ Elena
64%
I.a ♀️ Ida
64%
J.l.s ♂️ Julis
64%
La.a ♀️ Lara
64%
M.r.a ♀️ Maria
64%
S.r.h ♀️ Sarah
64%
Vi.t.r.a ♀️ Viktoria
64%
Ch.i.t..h ♂️ Christoph
55%
G.r..t ♂️ Gerrit
55%
K.i ♂️ Kai
55%
M.l..a ♀️ Malina
55%
M.t..o ♂️ Matteo
55%
Ch.i.t..a ♀️ Christina
45%
Da.a ♀️ Dana
45%
Al.a ♀️ Alma
36%
F.o.a ♀️ Flora
36%
J.n.a ♀️ Jonna
36%
J.s.p ♂️ Josip
36%
S.r..a ♀️ Serena
27%
K.l.e ♂️ Kalle
18%
M.r.u ♀️ Marou
18%
Om.r ♂️ Omar
18%
S.l..a ♀️ Selina
18%
A.n.r ♀️ Annur
9%
B.s.e ♂️ Bosse
9%
Fa.e ♀️ Faye
9%
He.r..e ♀️ Henrike
9%
J.r.n ♂️ Jaron
9%
Jo.n ♂️ Jorn
9%
M.t.i ♂️ Matei
9%
Ta.i ♀️ Tali
9%
T.y..a ♀️ Tayana
9%
Y.a..n ♂️ Yaaron
9%
Bo.d.n ♂️ Bogdan
0%
J.m..a ♂️ Jemima
0%
Ma.j.t ♀️ Marjet
0%
Mu.a ♀️ Muna
0%
N.e.i ♀️ Noemi
0%
R.t..n ♂️ Rithan
0%
Ru.a ♀️ Runa
0%
Se.p ♀️ Senp
0%
Sk..l..n ♀️ Skrollan
0%
T.a.i ♂️ Taavi
0%
To.e ♀️ Tove
0%
Keine übereinstimmenden Quizze gefunden
Verteilung der Resultate
Anzahl Personen mit jedem Resultat
Perzentil nach korrekt beantworteten Fragen
Ihre Resultats-Entwicklung
Sie haben dieses Quiz noch nicht gespielt